日本人のプリツカー賞受賞者 - Statistics

General Stats
  • This quiz has been taken 8 times
  • The average score is 6 of 9
Answer Stats
受賞順 会長 % Correct
1 1987年 丹下健三
86%
3 1995年 安藤忠雄
71%
4 2010年 妹島和世
71%
6 2013年 伊東豊雄
71%
7 2014年 板茂
71%
8 2019年 磯崎新
71%
2 1993年 槇文彦
57%
9 2024年 山本理顕
57%
5 2010年 西沢立衛
29%
No matching quizzes found
Score Distribution
Percent of People with Each Score
Percentile by Number Answered
Your Score History
You have not taken this quiz